| 000 | 00416nam a22001697a 4500 | ||
|---|---|---|---|
| 005 | 20250417142527.0 | ||
| 008 | 250417b |||||||| |||| 00| 0 eng d | ||
| 020 | _a9781526664280 | ||
| 040 |
_aSDCL _cSDCL |
||
| 041 |
_2eng _aeng |
||
| 084 | _aO-,3N63 R3 | ||
| 100 |
_aPatchett, Ann _9752405 |
||
| 245 | _aTom Lake | ||
| 260 |
_aLondon : _bBloomsbury Publishing, _c2023. |
||
| 300 | _a309p | ||
| 942 |
_2CC _cGB _n0 |
||
| 999 |
_c1309118 _d1309118 |
||